Extremely Hard General Knowledge #62 - Statistics

General Stats
  • This quiz has been taken 247 times
  • The average score is 4 of 20
Answer Stats
Hint Answer % Correct
What is the biggest city in Nebraska by population? Omaha
65%
What word is given to a person who hates or mistrusts people? Misanthrope
49%
According to cliché, if someone is crazy, they are said to have bats in their what? Belfry
42%
Julius Caesar was born on July 13th of which year? {100} B.C.
33%
What is the Latin maxim meaning "let the buyer beware"? Caveat emptor
29%
The first UK McDonald's store opened in Woolwich, South-East London in which year? 1974
24%
Who starred as Dick Grayson (Robin) alongside Val Kilmer in the 1995 film Batman Forever and alongside George Clooney in the 1997 film Batman & Robin? Chris O'Donnell
22%
In Norse Mythology, what is the name of the ash tree that connects the nine worlds? Yggdrasil
20%
Which Italian author wrote the 1883 novel The Adventures of Pinocchio, which the 1940 Disney film was based on? Carlo Collodi
16%
Who was Taoiseach (Prime Minister) of Ireland 2017-2020 and then again from 2022-2024? Leo Varadkar
14%
Azerbaijan and Tajikistan both use which currency unit? Manat
13%
Prince Richard, son of Prince Henry and cousin of Queen Elizabeth II, holds which royal dukedom? Duke of {Gloucester}
12%
Irving Berlin won the Best Original Song Oscar in 1943 for his song "White Christmas" in which film? Holiday Inn (1942)
11%
What is the name of the juice combination that replaces tomato juice to make a Bloody Mary a Bloody Caesar? Clamato
9%
Which song by Joe Dolce, famously kept Ultravox's "Vienna" off the UK Number One spot? Shaddap You Face
6%
Which Italian is the only woman to score points in Formula One, earning half a point in the 1975 Spanish Grand Prix? Lella Lombardi
5%
Who starred as Norman "Cleggy" Clegg in all 31 seasons of Last of the Summer Wine from 1973 to 2010? Peter Sallis
5%
Which American artist designed the "Hope" poster used by Barack Obama in his 2008 presidential campaign? Shepard Fairey
2%
Which jockey holds the record for the most Grand National wins with 5 wins ranging from 1856 to 1870? George Stevens
1%
What name is given to the fortune-telling method that interprets patterns in tea leaves, coffee grounds or wine sediments? Tasseography
1%
No matching quizzes found
Score Distribution
Percent of People with Each Score
Percentile by Number Answered
Your Score History
You have not taken this quiz